| 000 | 00000nas##2200000za#4500 |
| 001 | 9.513144 |
| 003 | CaOODSP |
| 005 | 20200331220158 |
| 007 | ta |
| 008 | 150406c2000||||xxc|| m #||||f| |0fre|d |
| 040 | |aCaOODSP|bfre |
| 043 | |an-cn--- |
| 086 | 1 |aMP22-20F |
| 110 | 1 |aCanada. |bCitoyenneté et immigration Canada. |
| 245 | 10|aNouveaux immigrants des régions métropolitaines |
| 260 | |aOttawa - Ontario : |bCitoyenneté et Immigration Canada |
| 563 | |aCouverture souple |
| 775 | 08|tRecent immigrants in metropolitan areas |w(CaOODSP)9.514790 |
| 776 | 0#|tLes immigrants récents des régions métropolitaines |w(CaOODSP)9.501239 |